Kỹ thuật soạn thảo hợp đồng kinh tế dân sự

Gardado en:
Detalles Bibliográficos
Autor Principal: Hồ Ngọc Cẩn
Formato: Libro
Idioma:Undetermined
Publicado: H. Tài Chính 2003
Những chủ đề:
Các nhãn: Engadir etiqueta
Sen Etiquetas, Sexa o primeiro en etiquetar este rexistro!
Thư viện lưu trữ: Trung tâm Học liệu Trường Đại học Cần Thơ
LEADER 00547nam a2200193Ia 4500
001 CTU_55507
008 210402s9999 xx 000 0 und d
020 |b 69000 
082 |a 651.75 
082 |b C121 
100 |a Hồ Ngọc Cẩn 
245 0 |a Kỹ thuật soạn thảo hợp đồng kinh tế dân sự 
245 0 |c Hồ Ngọc Cẩn 
260 |a H. 
260 |b Tài Chính 
260 |c 2003 
650 |a commercial correspondence 
904 |i Minh 
980 |a Trung tâm Học liệu Trường Đại học Cần Thơ